000 00554nam a2200193Ia 4500
005 20250508163918.0
008 008 250505s9999 xx 000 0 eng d
020 _a81-7445-172-2
037 _aTextual
040 _aFEDL
_beng
_cFEDL
041 _aeng
_2eng
084 _a371.91, MIS
_qFEDL
100 _aMisra Bhawna Ed.
_9776757
245 0 _aHand book of teaching for physically disabled
260 _aNew Delhi, India
_bMohit Publications
_c2002
300 _a158p.
942 _cTEXL
_h371.91, MIS
999 _c1385931
_d1385931